On This Day: January 30th Quiz Stats

 Plays Quiz Updated Jan 30, 2018

Score 0/7 Timer 03:00
1 Play Today
Question Answer Wrong Answers
Adolf Hitler is sworn in as ______ of Germany.
1933
Chancellor
94.3%
Prime Minister
3.3%
President
1.6%
King
0.2%
This English singer-songwriter, who was the drummer and lead singer of the rock band Genesis, as well as a successful solo artist, is born.
1951
Phil Collins
86.9%
Sting
4.3%
Rod Stewart
3.7%
George Michael
3.8%
Indian activist ______ is assassinated by a Hindu extremist.
1948
Mahatma Gandhi
86.3%
Jawaharlal Nehru
8.6%
Bhagat Singh
2.8%
Vallabhbhai Patel
1.3%
In one of the largest military campaigns of the Vietnam War, the ______ Offensive is launched by forces of the Viet Cong and North Vietnamese Army.
1968
Tet
83.8%
Hanoi
10.3%
Da Lat
1.7%
Haiphong
2.3%
The American embassy closes in this capital of Afghanistan amidst concerns that the new Taliban regime would be unable to adequately protect diplomats.
1989
Kabul
83.3%
Manama
1.1%
Tehran
11.9%
Baku
1.6%
The home of civil rights leader Martin Luther King, Jr. is bombed in retaliation for the ______.
1956
Montgomery Bus Boycott
61.1%
March on Washington
23.3%
Detroit Walk to Freedom
5.9%
Memphis Sanitation Strike
8%
Edward Bransfield sights the Trinity Peninsula and claims the discovery of this.
1820
Antarctica
54.4%
Tasmania
15.4%
Greenland
18.9%
Baffin Island
11.3%

You're not logged in!

Compare scores with friends on all Sporcle quizzes.
OR
Log In

Sporcle TV

Today on Sporcle TV


Watch our educational content, quiz creation guides, and fun videos on Sporcle TV.

Show Comments

Extras

Top Quizzes Today


Score Distribution

Your Account Isn't Verified!

In order to create a playlist on Sporcle, you need to verify the email address you used during registration. Go to your Sporcle Settings to finish the process.

Report this User

Report this user for behavior that violates our Community Guidelines.

Details: